10 Most Expensive Cities to buy a Home - Statistics

General Stats
  • This quiz has been taken 56 times
  • The average score is 4 of 10
Answer Stats
City Score % Correct
Los Angeles 10.7
80%
San Francisco 11.8
68%
Sydney 15.3
59%
Melbourne 12.1
52%
Toronto 10.5
41%
Auckland 11.2
39%
Hong Kong 23.2
39%
Vancouver 13.3
32%
San Jose 12.6
23%
Honolulu 12.0
16%
No matching quizzes found
Score Distribution
Percent of People with Each Score
Percentile by Number Answered
Your Score History
You have not taken this quiz